Responses for Show #8708 - Wednesday, September 28, 2022

David Sibley game 3.

Contestants

[<< previous game]

Emily Hackbarth, a middle school counselor from Ames, Iowa

Sam Wang, a statistics professor from Ithaca, New York

David Sibley, an Episcopal priest from Walla Walla, Washington (whose 2-day cash winnings total $44,200)

[next game >>]

Jeopardy! Round responses

OFF TO NEW ENGLAND
HATCHET MAN
HISTORY
ONE-NAMED ROCK STARS
MATERIAL
I LONG FOR LONG "U"
    $200 28
Fenway

Sam
    $200 26
(Ken: With less than a minute to play.)

(Paul) Bunyan

Sam
    $200 13
Franz Ferdinand

David
    $200 6
[Ken reads the clue's quote using an Irish accent.]

Bono

Sam
    $200 21
plastic

Emily
    $200 22
bugles

David
    $400 27
Augusta

David
    $400 29
(Sam: Who is Loki?)

Thor

SamEmily
    $400 12
the Maya

Emily
    $400 4
(David: Who's Ed Sheeran?)

Beck

David
Triple Stumper
    $400 17
diamonds

Sam
    $400 23
luge

Emily
    $600 18
Salem

David
    $600 7
Tyrion Lannister

David
    $600 11
Korea

David
    $600 2
Halsey

Emily
    $600 16
parchment

Emily
    $600 24
a cube

Triple Stumper
    $800 19
(Sam: What are the Granite Mountains?)

the White Mountains

DavidSam
    $800 8
"The Railsplitter"

Triple Stumper
    $800 1
Hammurabi

Sam
    $800 3
(David: Who's Axl Rose?)

Slash

David
Triple Stumper
    $3,000 15
cork

Emily
    $800 25
a fluke

Triple Stumper
    $1000 20
Mystic

Sam
    $1000 9
a talking harp

Triple Stumper
    $1000 10
(Ken: Well, we're getting rid of the hard ones; that's good.)
[Laughter]

the Knights Templar

Triple Stumper
    $1000 5
Seal

Emily
    $1000 14
rawhide

Emily
    $1000 30
amuse

Sam

Scores at the first commercial break (after clue 15):

David Sam Emily
$200 $1,000 $6,000

Scores at the end of the Jeopardy! Round:

David Sam Emily
$2,200 $2,600 $7,600

Double Jeopardy! Round responses

CLIFF NOTES
A LETTER, THEN A WORD
THE RIGHT BROTHERS
THE ACTOR'S STUDIO
NATURALISTS
AND THE STATE GOES TO...
(Ken: You'll need to name the presidential candidate who won the electoral votes in question in each clue.)
    $400 29
[The end-of-round signal sounds.]

King Lear

Sam
    $400 11
A-frame

Sam
    $400 27
Brooks Brothers

David
    $400 7
Shirley Temple

Emily
    $400 6
Joe Biden

Emily
    $2,000 28
Dover

David
    $800 24
an f-stop

David
    $800 26
(Ken: Yes, with less than a minute.)

the Gershwins

Emily
    $800 8
(David: Who is Garbo?)

Mae West

David
Triple Stumper
    $800 23
Darwin

Sam
    $800 5
(Sam: Who is Romney?)
...
(Ken: Sam was four years early.)

McCain

DavidSam
    $1200 21
Madness

Triple Stumper
    $1200 22
esports

Sam
    $1200 14
Texas & Florida

David
    $1200 4
Warner Brothers

David
    $1200 25
Steve Irwin

David
    $1200 3
Mondale

Sam
    $1600 20
Navarone

Triple Stumper
    $1600 12
a T-top

Emily
    $1600 15
(David: What is Ryan?)
...
(Ken: Now, they were the inspiration for Private Ryan in the movie, but in real life these were the fighting [*] brothers.)

Sullivan

David
Triple Stumper
    $1600 9
MGM

David
    $1600 18
tagging (banding)

David
    $1600 2
(Ken: The South was solidly Democratic back then.)

Adlai Stevenson

Triple Stumper
    $2000 19
Reichenbach Falls

Triple Stumper
    $2000 13
the C-suite

Sam
    $2000 16
the Montgolfier brothers

Triple Stumper
    $2,000 10
United Artists

David
    $2000 17
(Emily: What is life cycle?)

metamorphosis

Emily
Triple Stumper
    $2000 1
(George) Wallace

David

Scores at the end of the Double Jeopardy! Round:

David Sam Emily
$14,600 $7,800 $8,800

[wagering suggestions for these scores]

Final Jeopardy! Round responses

WORLD RIVERS
(Ken: The ParanĂ¡'s the second-longest river in South America, this is [*].)
SamWhat are Congo & Zimbabwe
$7,700
EmilyWhat are the Panama + ?
$6,000
DavidWhat is Peru + Ecuador
$3,001
Paraguay & Uruguay

Final scores:

David Sam Emily
$11,599 $100 $2,800
3-day champion: $55,799 3rd place: $1,000 2nd place: $2,000

Game dynamics:

Coryat scores:

David Sam Emily
$13,400 $7,800 $6,600
18 R
(including 2 DDs),
4 W
13 R,
3 W
13 R
(including 1 DD),
1 W

Combined Coryat: $27,800

[game clues] [game scores] [suggest correction]

Game tape date: 2022-08-08
The J! Archive is created by fans, for fans. Scraping, republication, monetization, and malicious use prohibited; this site may use cookies and collect identifying information. See terms. The Jeopardy! game show and all elements thereof, including but not limited to copyright and trademark thereto, are the property of Jeopardy Productions, Inc. and are protected under law. This website is not affiliated with, sponsored by, or operated by Jeopardy Productions, Inc. Join the discussion at JBoard.tv.